Faculty of Law Library — Cairo University

Official Online Catalog

Das Verbot der Folter und der unmenschlichen oder erniedrigenden Behandlung oder Strafe im gegen-wärtigen Völkerrecht; insbesondere nach Art. 3 der Europäischen Menschenrechts-Konvention / (Record no. 71805)

MARC details
000 -LEADER
fixed length control field 01078nam a2200301 i 4500
003 - CONTROL NUMBER IDENTIFIER
control field EG-GICUC
005 - DATE AND TIME OF LATEST TRANSACTION
control field 20260419103155.0
008 - FIXED-LENGTH DATA ELEMENTS--GENERAL INFORMATION
fixed length control field 260419s1976 gw ||||fr|||| 00| 0 ger d
040 ## - CATALOGING SOURCE
Original cataloging agency EG-GiCUC
Language of cataloging ger
Transcribing agency EG-GiCUC
Modifying agency EG-GiCUC
Description conventions rda
041 ## - LANGUAGE CODE
Language code of text/sound track or separate title ger
Language code of original ger
082 04 - DEWEY DECIMAL CLASSIFICATION NUMBER
Edition number 21
Classification number 341.48
Item number ST.D
092 04 - LOCALLY ASSIGNED DEWEY CALL NUMBER (OCLC)
Edition number 21
099 ## - LOCAL FREE-TEXT CALL NUMBER (OCLC)
Classification number Law1 11 341.48 ST.D 1976
100 1# - MAIN ENTRY--PERSONAL NAME
Personal name Stavropoulos , Konstantin
Relator term Author.
245 ## - TITLE STATEMENT
Title Das Verbot der Folter und der unmenschlichen oder erniedrigenden Behandlung oder Strafe im gegen-wärtigen Völkerrecht; insbesondere nach Art. 3 der Europäischen Menschenrechts-Konvention /
Statement of responsibility, etc. Konstantin Stavropoulos .
264 ## - PRODUCTION, PUBLICATION, DISTRIBUTION, MANUFACTURE, AND COPYRIGHT NOTICE
Place of production, publication, distribution, manufacture Ruprecht :
Name of producer, publisher, distributor, manufacturer Universität zu Heidelberg ,
Date of production, publication, distribution, manufacture, or copyright notice 1976 .
300 ## - PHYSICAL DESCRIPTION
Extent 139 pages ,
Dimensions 24 cm
336 ## - CONTENT TYPE
Source rda content
Content type term text
337 ## - MEDIA TYPE
Source rda media
Media type term Computer
338 ## - CARRIER TYPE
Source rda carrier
Carrier type term Online Resource
546 ## - LANGUAGE NOTE
Language note Text in German
650 1# - SUBJECT ADDED ENTRY--TOPICAL TERM
Topical term or geographic name entry element Internationales Recht
650 1# - SUBJECT ADDED ENTRY--TOPICAL TERM
Topical term or geographic name entry element Menschenrechte
651 1# - SUBJECT ADDED ENTRY--GEOGRAPHIC NAME
Source of heading or term qrmak
856 40 - ELECTRONIC LOCATION AND ACCESS
Uniform Resource Identifier <a href="https://fll.law.cu.edu.eg/fulltext/bks/B11-09683.pdf">https://fll.law.cu.edu.eg/fulltext/bks/B11-09683.pdf</a>
905 ## - Cataloger and Reviser Names
Cataloger Name: Hager Sameh
942 ## - ADDED ENTRY ELEMENTS (KOHA)
Source of classification or shelving scheme Dewey Decimal Classification
Koha item type Books
Edition 21
Suppress in OPAC No
Holdings
Withdrawn status Lost status Source of classification or shelving scheme Damaged status Not for loan Collection Home library Current library Date acquired Source of acquisition Total checkouts Full call number Barcode Date last seen Copy number Price effective from Koha item type
    Dewey Decimal Classification   Not for loan القانون الدولي العام جــــامعة القــاهرة مكتبة كلية الحقوق - المبنى الرئيسي 19.04.2026 إهداء مكتبة الأستاذ الدكتور صلاح عامر   Law1 11 341.48 ST.D 1976 1109683 C1 B11-09683 19.04.2026 1 19.04.2026 Books

© All rights reserved — Faculty of Law, Cairo University